Moments of reverence: A collection of poems on life and teachings of Prophet Mohammad(Peace be upon him) (Record no. 62720)

000 -LEADER
fixed length control field 00583nam a22001697a 4500
003 - CONTROL NUMBER IDENTIFIER
control field NUST - PNEC
005 - DATE AND TIME OF LATEST TRANSACTION
control field 20170116180755.0
008 - FIXED-LENGTH DATA ELEMENTS--GENERAL INFORMATION
fixed length control field 150402b xxu||||| |||| 00| 0 eng d
040 ## - CATALOGING SOURCE
Transcribing agency LIBRARY
082 ## - DEWEY DECIMAL CLASSIFICATION NUMBER
Classification number 297.63 ARS
100 ## - MAIN ENTRY--PERSONAL NAME
9 (RLIN) 2035
Personal name Arshad, Mohammad
245 ## - TITLE STATEMENT
Title Moments of reverence: A collection of poems on life and teachings of Prophet Mohammad(Peace be upon him)
Statement of responsibility, etc. Major General Mohammad Arshad Chaudhry
260 ## - PUBLICATION, DISTRIBUTION, ETC.
Place of publication, distribution, etc. Rawalpindi:
Name of publisher, distributor, etc. Service Book Club,
Date of publication, distribution, etc. c1993
300 ## - PHYSICAL DESCRIPTION
Extent 79 p. :
Dimensions 22 cm.
650 ## - SUBJECT ADDED ENTRY--TOPICAL TERM
9 (RLIN) 2038
Topical term or geographic name entry element Islam, Prophet Mohammad Life
General subdivision General
942 ## - ADDED ENTRY ELEMENTS (KOHA)
Source of classification or shelving scheme
Koha item type Book
Holdings
Withdrawn status Lost status Source of classification or shelving scheme Damaged status Not for loan Permanent Location Current Location Shelving location Date acquired Source of acquisition Cost, normal purchase price Total Checkouts Full call number Barcode Date last seen Cost, replacement price Price effective from Koha item type
          Pakistan Navy Engineering College (PNEC) Pakistan Navy Engineering College (PNEC)   07/31/1994 Service Books Club 100.00   297.63 ARS PNECLIB-017618 04/02/2015 100.00 07/31/1994 Book
© 2023 Central Library, National University of Sciences and Technology. All Rights Reserved.